|
|
|
|
| LEADER |
00000nam0a2200000 4500 |
| 001 |
91696 |
| 005 |
20231031104201.0 |
| 020 |
|
|
|a RU
|b 80-36383
|
| 035 |
|
|
|a (RuTPU)RU\TPU\book\98285
|
| 090 |
|
|
|a 91696
|
| 100 |
|
|
|a 20060228d1980 m a0rusy5003 ca
|
| 101 |
0 |
|
|a rus
|
| 102 |
|
|
|a RU
|
| 105 |
|
|
|a a z 001zy
|
| 200 |
1 |
|
|a Региональная геохимия и рудообразование
|e сборник статей
|f Ин-т минералогии, геохимии и кристаллохимии редких элементов; отв. ред. Л. Н. Овчинников
|
| 210 |
|
|
|a Москва
|c Наука
|d 1980
|
| 215 |
|
|
|a 303 с.
|c ил., 1 л. ил.
|d 22 см.
|
| 610 |
1 |
|
|a геохимия
|
| 610 |
1 |
|
|a региональная геохимия
|
| 610 |
1 |
|
|a рудообразование
|
| 610 |
1 |
|
|a сборники
|
| 610 |
1 |
|
|a рудные месторождения
|
| 675 |
|
|
|a 550.4
|z rus
|
| 675 |
|
|
|a 553.3/.4
|z rus
|
| 702 |
|
1 |
|a Овчинников
|b Л. Н.
|4 340
|
| 712 |
0 |
2 |
|a Академия наук СССР (АН СССР)
|b Институт минералогии, геохимии и кристаллохимии редких элементов (ИМГРЭ)
|c (Москва)
|2 stltpush
|3 (RuTPU)RU\TPU\col\10887
|
| 801 |
|
0 |
|a RU
|b RuMRKP
|c 19950704
|g psbo
|
| 801 |
|
1 |
|a RU
|b 63413507
|c 20060228
|g PSBO
|
| 801 |
|
2 |
|a RU
|b 63413507
|c 20071122
|g PSBO
|
| 942 |
|
|
|c BK
|